书目信息 |
| 题名: |
非一致性条件下的水文模拟及预报关键技术研究
|
|
| 作者: | 雷晓辉 著 | |
| 分册: | ||
| 出版信息: | 北京 中国水利水电出版社 2016.12 |
|
| 页数: | 200页 | |
| 开本: | 24cm | |
| 丛书名: | ||
| 单 册: | ||
| 中图分类: | P334 , P338 , P33 | |
| 科图分类: | ||
| 主题词: | 水文模拟--研究 , 水文预报--研究 | |
| 电子资源: | ||
| ISBN: | 978-7-5170-5121-3 | |
| 000 | 01211nam0 2200265 450 | |
| 001 | 3661 | |
| 005 | 20181008114330.73 | |
| 010 | @a978-7-5170-5121-3@dCNY65.00 | |
| 100 | @a20170802d2016 em y0chiy50 ea | |
| 101 | 0 | @achi |
| 102 | @aCN@b110000 | |
| 105 | @aa z 000yy | |
| 200 | 1 | @a非一致性条件下的水文模拟及预报关键技术研究@9fei yi zhi xing tiao jian xia de shui wen mo ni ji yu bao guan jian ji shu yan jiu@f雷晓辉[等]著 |
| 210 | @a北京@c中国水利水电出版社@d2016.12 | |
| 215 | @a200页@c图@d24cm | |
| 304 | @a著者还有:王浩、廖卫红、杨明祥、蒋云钟、潘东 | |
| 330 | @a本书从水循环机理出发,针对水文预报全链条,全方位控制可能出现的误差。首先,采用基于天气形势索引的动态参数化方案实现气候变化条件下的数值天气预报,从而降低预报降水的不确定性;再次,通过对产汇流机理的深入研究,改进产汇流过程、动态更新下垫面、参数高效率定等,实现高强度人类活动影响的流域水文预报,从而大大降低降水进入模型后的预报误差;最后,实现陆气耦合集合预报,从而在水文预报末端进一步对预报误差进行控制。 | |
| 606 | 0 | @a水文模拟@x研究 |
| 606 | 0 | @a水文预报@x研究 |
| 690 | @aP334@v5 | |
| 690 | @aP338@v5 | |
| 690 | @aP33@v4 | |
| 701 | 0 | @a雷晓辉@9lei xiao hui@4著 |
| 801 | 0 | @aCN@b91MARC@c20170802 |
| 905 | @aMuseLib@dP33@e136 | |
| 非一致性条件下的水文模拟及预报关键技术研究/雷晓辉[等]著.-北京:中国水利水电出版社,2016.12 |
| 200页:图;24cm |
| ISBN 978-7-5170-5121-3:CNY65.00 |
| 本书从水循环机理出发,针对水文预报全链条,全方位控制可能出现的误差。首先,采用基于天气形势索引的动态参数化方案实现气候变化条件下的数值天气预报,从而降低预报降水的不确定性;再次,通过对产汇流机理的深入研究,改进产汇流过程、动态更新下垫面、参数高效率定等,实现高强度人类活动影响的流域水文预报,从而大大降低降水进入模型后的预报误差;最后,实现陆气耦合集合预报,从而在水文预报末端进一步对预报误差进行控制。 |
| ● |
| 相关链接 |
|
|
|
|
正题名:非一致性条件下的水文模拟及预报关键技术研究
索取号:P33/136
 
预约/预借
| 序号 | 登录号 | 条形码 | 馆藏地/架位号 | 状态 | 备注 |
| 1 | 1123097 | 211230979 | 第二样本阅览室/ [索取号:P33/136] | 在馆 | |
| 2 | 1123098 | 211230988 | 第三借阅区/ [索取号:P33/136] | 在馆 | |
| 3 | 1123099 | 211230997 | 第三借阅区/ [索取号:P33/136] | 在馆 | |
| 4 | 1123100 | 211231004 | 第三借阅区/ [索取号:P33/136] | 在馆 | |
| 5 | 1123101 | 211231013 | 密集书库-资源管理系/ [索取号:P33/136] | 在馆 |